[Event "Madrid-ch Seniors 50"]
[Site "Madrid"]
[Date "2020.01.21"]
[Round "7"]
[White "Osorio Ramos, Francisco"]
[Black "Barragan Panal, Juan Jose"]
[Result "1-0"]
[WhiteElo "1794"]
[BlackElo "1679"]
[PlyCount "91"]
[EventDate "2020.01.13"]
[EventType "swiss"]
[EventRounds "9"]
[EventCountry "ESP"]
[SourceTitle "CBM 194 Extra"]
[Source "ChessBase"]
[SourceDate "2020.03.31"]
[SourceVersion "1"]
[SourceVersionDate "2020.03.31"]
[SourceQuality "1"]

1. c4 e5 2. Nc3 Nf6 3. Nf3 Nc6 4. g3 d5 5. cxd5 Nxd5 6. d3 Bb4 7. Bd2 0-0 8. Bg2 Be6 9. 0-0 f6 10. a3 Nxc3 11. Bxc3 Bc5 12. Rc1 Bb6 13. Qa4 Qd7 14. Qh4 Ne7 15. d4 Nf5 16. Qe4 Bd5 17. Qg4 Be6 18. Qe4 Nd6 19. Qc2 Bf5 20. Qb3+ Be6 21. d5 Bh3 22. Bb4 Bxg2 23. Kxg2 Rfc8 24. Bxd6 Qxd6 25. e4 Kh8 26. Rc2 Rd8 27. Nd2 Bd4 28. Nf3 Bb6 29. Rfc1 g6 30. Nd2 Rac8 31. Nc4 Qd7 32. Nxb6 cxb6 33. Rxc8 Rxc8 34. Rxc8+ Qxc8 35. Qb4 Qd8 36. Qc3 Kg7 37. f4 exf4 38. gxf4 Kf7 39. Qh3 Qe8 40. Qxh7+ Kf8 41. Qh8+ Kf7 42. Qxe8+ Kxe8 43. Kf3 b5 44. Ke3 a5 45. Kd4 b6 46. b4 1-0

[Event "Madrid-ch Seniors 50"]
[Site "Madrid"]
[Date "2020.01.16"]
[Round "4"]
[White "Osorio Ramos, Francisco"]
[Black "Marcos Herrero, Francisco"]
[Result "0-1"]
[WhiteElo "1794"]
[BlackElo "1861"]
[PlyCount "78"]
[EventDate "2020.01.13"]
[EventType "swiss"]
[EventRounds "9"]
[EventCountry "ESP"]
[SourceTitle "CBM 194 Extra"]
[Source "ChessBase"]
[SourceDate "2020.03.31"]
[SourceVersion "1"]
[SourceVersionDate "2020.03.31"]
[SourceQuality "1"]

1. c4 c5 2. Nf3 g6 3. Nc3 Bg7 4. d4 cxd4 5. Nxd4 Nc6 6. Nc2 Bxc3+ 7. bxc3 Nf6 8. f3 d6 9. e4 Nd7 10. h4 h5 11. Ne3 Nc5 12. Nd5 Ne5 13. Bg5 f6 14. Be3 b6 15. Be2 Kf7 16. Bd4 Qd7 17. a4 e6 18. Nb4 Nb7 19. Be3 Na5 20. f4 Nexc4 21. Bc1 Bb7 22. Qd4 Rac8 23. g4 Nb3 24. Qd1 Nxa1 25. gxh5 Bxe4 26. hxg6+ Kg7 27. Rh2 Bxg6 28. h5 Bf5 29. Kf2 Kh7 30. Bd3 Bxd3 31. Qxd3+ f5 32. Rg2 Rhg8 33. Rg5 Nb3 34. Be3 Nxe3 35. Kxe3 Nc5 36. Qf1 Ne4 37. Rg6 Rxc3+ 38. Ke2 Ng3+ 39. Rxg3 Rcxg3 0-1

[Event "Madrid-ch Seniors 50"]
[Site "Madrid"]
[Date "2020.01.13"]
[Round "1"]
[White "Osorio Ramos, Francisco"]
[Black "Perez Ramos, Miguel Angel"]
[Result "1-0"]
[WhiteElo "1794"]
[BlackElo "1122"]
[PlyCount "53"]
[EventDate "2020.01.13"]
[EventType "swiss"]
[EventRounds "9"]
[EventCountry "ESP"]
[SourceTitle "CBM 194 Extra"]
[Source "ChessBase"]
[SourceDate "2020.03.31"]
[SourceVersion "1"]
[SourceVersionDate "2020.03.31"]
[SourceQuality "1"]

1. c4 e5 2. g3 Nf6 3. Bg2 c6 4. Nc3 d5 5. cxd5 cxd5 6. Qb3 e4 7. d3 Qb6 8. Qxb6 axb6 9. dxe4 Bb4 10. exd5 0-0 11. Bd2 Bd6 12. Nb5 Rd8 13. Nxd6 Rxd6 14. e4 Ng4 15. Bf4 Rg6 16. Nf3 b5 17. h3 Nf6 18. Ne5 Nxd5 19. Nxg6 hxg6 20. exd5 Bf5 21. 0-0 Nd7 22. g4 Bd3 23. Rfd1 Bc4 24. b3 Be2 25. Rd2 Bxg4 26. hxg4 Nc5 27. Rc1 1-0

[Event "Madrid-ch Previa-A"]
[Site "Madrid"]
[Date "2018.02.12"]
[Round "4"]
[White "Osorio Ramos, Francisco"]
[Black "Marivela Santos, Juan Carlos"]
[Result "0-1"]
[WhiteElo "1821"]
[BlackElo "1686"]
[PlyCount "105"]
[EventDate "2018.02.05"]
[EventType "swiss"]
[EventRounds "9"]
[EventCountry "ESP"]
[SourceTitle "EXT 2020"]
[Source "ChessBase"]
[SourceDate "2019.10.17"]
[SourceVersion "1"]
[SourceVersionDate "2019.10.17"]
[SourceQuality "1"]

1. d4 Nf6 2. c4 e6 3. Nf3 b6 4. a3 Bb7 5. Nc3 Bxf3 6. exf3 Be7 7. g3 0-0 8. Bg2 d5 9. cxd5 exd5 10. 0-0 a5 11. Be3 c6 12. Rc1 Nbd7 13. Na4 b5 14. Nc5 Nxc5 15. dxc5 Nd7 16. Re1 Bf6 17. Bd4 Re8 18. Rxe8+ Qxe8 19. Bxf6 Nxf6 20. Qd2 Qe7 21. Bf1 Nd7 22. Qc3 Qf6 23. Qxf6 Nxf6 24. Re1 Re8 25. Rxe8+ Nxe8 26. Bh3 Nf6 27. g4 Nd7 28. b4 axb4 29. axb4 Kf8 30. Kf1 Nb8 31. Ke2 Na6 32. Kd2 Nxb4 33. g5 Na6 34. Bd7 Nb8 35. Bc8 Ke7 36. Kc3 Kd8 37. Bf5 h6 38. f4 Nd7 39. Kd4 f6 40. h4 Ke7 41. Bg4 Nf8 42. gxh6 gxh6 43. f5 Nd7 44. f4 Kd8 45. Bh5 Kc8 46. Be2 Nb8 47. Bd3 Kb7 48. Bc2 Ka6 49. Bd1 Ka5 50. Bh5 Kb4 51. Be8 Ka3 52. Kc3 Ka2 53. Kc2 0-1

[Event "Madrid-ch Previa-A"]
[Site "Madrid"]
[Date "2018.02.07"]
[Round "3"]
[White "Martinez Miura, Enrique"]
[Black "Osorio Ramos, Francisco"]
[Result "1/2-1/2"]
[WhiteElo "1618"]
[BlackElo "1821"]
[PlyCount "49"]
[EventDate "2018.02.05"]
[EventType "swiss"]
[EventRounds "9"]
[EventCountry "ESP"]
[SourceTitle "EXT 2020"]
[Source "ChessBase"]
[SourceDate "2019.10.17"]
[SourceVersion "1"]
[SourceVersionDate "2019.10.17"]
[SourceQuality "1"]

1. e4 c5 2. Nc3 Nc6 3. Nf3 d6 4. d4 cxd4 5. Nxd4 a6 6. Be2 e5 7. Nf3 h6 8. Be3 Nf6 9. h3 Be6 10. Qd2 Be7 11. a3 Rc8 12. 0-0 d5 13. exd5 Nxd5 14. Nxd5 Qxd5 15. Rfd1 Qxd2 16. Rxd2 0-0 17. Bb6 Bf6 18. Rc1 Bf5 19. Rd6 Rfe8 20. c4 Bd8 21. Bxd8 Rcxd8 22. Rcd1 Nd4 23. Nxd4 exd4 24. Rxd8 Rxd8 25. Bf3 1/2-1/2

[Event "Madrid-ch Previa-A"]
[Site "Madrid"]
[Date "2018.02.06"]
[Round "2"]
[White "Corredor Gonzalez, Angel L"]
[Black "Osorio Ramos, Francisco"]
[Result "1-0"]
[WhiteElo "1745"]
[BlackElo "1821"]
[PlyCount "89"]
[EventDate "2018.02.05"]
[EventType "swiss"]
[EventRounds "9"]
[EventCountry "ESP"]
[SourceTitle "EXT 2020"]
[Source "ChessBase"]
[SourceDate "2019.10.17"]
[SourceVersion "1"]
[SourceVersionDate "2019.10.17"]
[SourceQuality "1"]

1. e4 c5 2. Nc3 g6 3. f4 Bg7 4. Nf3 d6 5. Bc4 e6 6. 0-0 Ne7 7. d3 0-0 8. Qe1 Nbc6 9. a3 Nd4 10. Nxd4 cxd4 11. Ne2 d5 12. Ba2 dxe4 13. dxe4 Nc6 14. e5 b5 15. Bd2 Qb6 16. Kh1 Bb7 17. Ng3 Rfd8 18. Ne4 Bf8 19. Nf6+ Kg7 20. Qh4 h6 21. f5 h5 22. Nxh5+ gxh5 23. Qg5+ Kh7 24. Qxh5+ Kg8 25. Qg5+ Kh7 26. Rf4 Bg7 27. Rh4+ Kg8 28. f6 Kf8 29. Qxg7+ Ke8 30. Qg8+ Kd7 31. Qxf7+ Kc8 32. Qxe6+ Kb8 33. Qf5 a5 34. e6 Rg8 35. Rg4 Ka7 36. Bf4 Rh8 37. Bd6 Ka6 38. a4 Rxh2+ 39. Bxh2 Rh8 40. axb5+ Ka7 41. bxc6 Bxc6 42. Rg7+ Ka8 43. Bd5 Qb5 44. Rxa5+ Qxa5 45. Bxc6# 1-0

[Event "Madrid-ch Previa-A"]
[Site "Madrid"]
[Date "2018.02.05"]
[Round "1"]
[White "Osorio Ramos, Francisco"]
[Black "Osuna Osuna, Francisco"]
[Result "1-0"]
[WhiteElo "1821"]
[BlackElo "1566"]
[PlyCount "105"]
[EventDate "2018.02.05"]
[EventType "swiss"]
[EventRounds "9"]
[EventCountry "ESP"]
[SourceTitle "EXT 2020"]
[Source "ChessBase"]
[SourceDate "2019.10.17"]
[SourceVersion "1"]
[SourceVersionDate "2019.10.17"]
[SourceQuality "1"]

1. d4 d5 2. c4 e5 3. cxd5 Qxd5 4. Nc3 Bb4 5. Bd2 Bxc3 6. Bxc3 Nc6 7. dxe5 Qxd1+ 8. Rxd1 Be6 9. b3 Nge7 10. e3 0-0 11. Bc4 Bxc4 12. bxc4 Rfd8 13. Nf3 Rxd1+ 14. Kxd1 Ng6 15. Kc2 Re8 16. Rd1 Rd8 17. Rxd8+ Nxd8 18. g4 Ne6 19. Bb4 c5 20. Bc3 b6 21. Kd3 Ne7 22. Ke4 Kf8 23. h4 Ke8 24. Ne1 Kd7 25. f4 g6 26. f5 gxf5+ 27. gxf5 Nd8 28. Nf3 h6 29. Nh2 a6 30. Ng4 Ng8 31. h5 b5 32. Nf2 b4 33. Bb2 Nc6 34. Nd3 Na5 35. Nxc5+ Kc6 36. Nxa6 Nxc4 37. Nxb4+ Kb5 38. Nd3 Nd2+ 39. Kf4 Ne7 40. e4 Kc4 41. Nf2 Nc6 42. Ng4 Kd3 43. Nxh6 Nxe4 44. Nxf7 Ne7 45. f6 Nd5+ 46. Kf5 Ne3+ 47. Kg6 Ng2 48. h6 Nf4+ 49. Kf5 Nd5 50. h7 Ne3+ 51. Kg6 Ng2 52. h8Q Nf4+ 53. Kf5 1-0

[Event "Collado Villalba op-B 34th"]
[Site "Collado Villalba"]
[Date "2017.08.27"]
[Round "6"]
[White "Osorio Ramos, Francisco"]
[Black "Alvarez Gonzalez, Eduardo"]
[Result "0-1"]
[WhiteElo "1852"]
[BlackElo "1761"]
[PlyCount "114"]
[EventDate "2017.08.22"]
[EventType "swiss"]
[EventRounds "9"]
[EventCountry "ESP"]
[SourceTitle "CBM 180 Extra"]
[Source "ChessBase"]
[SourceDate "2017.10.06"]
[SourceVersion "1"]
[SourceVersionDate "2017.10.06"]
[SourceQuality "1"]

1. d4 Nf6 2. c4 e6 3. Nf3 b6 4. a3 Bb7 5. Nc3 Be7 6. d5 d6 7. e4 e5 8. Bd3 Nbd7 9. b4 0-0 10. 0-0 Re8 11. Rb1 g6 12. Nd2 Nh5 13. g3 Bg5 14. Nb3 Bxc1 15. Qxc1 Qe7 16. Nb5 Rec8 17. Qe3 Ba6 18. Rfc1 Nhf6 19. Be2 c5 20. dxc6 Rxc6 21. a4 Nf8 22. Rd1 Bxb5 23. axb5 Rc7 24. Rd2 Ne6 25. Rbd1 Ne8 26. Kg2 Kg7 27. h4 f6 28. f4 Kg8 29. f5 gxf5 30. exf5 N6g7 31. g4 Rac8 32. Rc2 Qf8 33. Bf3 Kh8 34. Bc6 Qe7 35. c5 dxc5 36. bxc5 Rxc6 37. bxc6 Rxc6 38. Rdc1 Qc7 39. Qd3 bxc5 40. Rxc5 Rxc5 41. Rxc5 Qb7+ 42. Qd5 Qb4 43. Qc4 Qe1 44. h5 h6 45. Nc1 Nd6 46. Qe2 Qb4 47. Nd3 Qd4 48. Rc2 Ne4 49. Nf2 Nxf2 50. Qxf2 Qxg4+ 51. Kf1 Qxh5 52. Rc8+ Kh7 53. Rc7 Qd1+ 54. Kg2 Qg4+ 55. Kf1 a5 56. Ra7 a4 57. Rf7 Qc4+ 0-1

[Event "Collado Villalba op-B 34th"]
[Site "Collado Villalba"]
[Date "2017.08.23"]
[Round "2"]
[White "Osorio Ramos, Francisco"]
[Black "Merino Conrado, Ricardo"]
[Result "1-0"]
[WhiteElo "1852"]
[BlackElo "1474"]
[PlyCount "53"]
[EventDate "2017.08.22"]
[EventType "swiss"]
[EventRounds "9"]
[EventCountry "ESP"]
[SourceTitle "CBM 180 Extra"]
[Source "ChessBase"]
[SourceDate "2017.10.06"]
[SourceVersion "1"]
[SourceVersionDate "2017.10.06"]
[SourceQuality "1"]

1. d4 g6 2. c4 Bg7 3. Nc3 Nf6 4. g3 b6 5. Bg2 c6 6. e4 d6 7. Nf3 Bg4 8. h3 Bd7 9. 0-0 Qc8 10. Kh2 Ng8 11. e5 dxe5 12. Nxe5 Bxe5 13. dxe5 f5 14. b3 Be6 15. Re1 Qc7 16. Bb2 h5 17. Nb5 Qc8 18. Nd4 a6 19. Nf3 Ra7 20. Qd4 c5 21. Qf4 Nh6 22. Nh4 Bf7 23. e6 Bxe6 24. Bxh8 Nf7 25. Rxe6 Nxh8 26. Rxb6 Kf7 27. Rxb8 1-0

[Event "Collado Villalba op-B 34th"]
[Site "Collado Villalba"]
[Date "2017.08.22"]
[Round "1"]
[White "Garcia Lopez, Fernando"]
[Black "Osorio Ramos, Francisco"]
[Result "1/2-1/2"]
[WhiteElo "1558"]
[BlackElo "1852"]
[PlyCount "116"]
[EventDate "2017.08.22"]
[EventType "swiss"]
[EventRounds "9"]
[EventCountry "ESP"]
[SourceTitle "CBM 180 Extra"]
[Source "ChessBase"]
[SourceDate "2017.10.06"]
[SourceVersion "1"]
[SourceVersionDate "2017.10.06"]
[SourceQuality "1"]

1. e4 c5 2. Nf3 e6 3. d4 cxd4 4. Nxd4 a6 5. Bd3 Qc7 6. Nc3 Nf6 7. 0-0 Nc6 8. Nxc6 dxc6 9. Be3 b5 10. f4 e5 11. f5 h5 12. h3 Bb7 13. a3 c5 14. Be2 Rd8 15. Qe1 Nxe4 16. Bf3 Nxc3 17. Bxb7 Qxb7 18. Qxc3 Qc7 19. Rad1 f6 20. Rxd8+ Kxd8 21. Rd1+ Kc8 22. Qd3 Be7 23. Qd5 Kb8 24. Qe6 Rd8 25. Rxd8+ Qxd8 26. Qxa6 Qd7 27. Qb6+ Qb7 28. Bxc5 Qxb6 29. Bxb6 Kb7 30. Be3 Kc6 31. b4 Kd5 32. g4 hxg4 33. hxg4 Kc4 34. Kf2 Kc3 35. Bc5 Bd8 36. Bf8 Kxc2 37. Bxg7 Kd3 38. Bf8 e4 39. Bc5 Bc7 40. g5 fxg5 41. f6 Be5 42. f7 Bg7 43. f8Q e3+ 44. Bxe3 Bxf8 45. Bxg5 Bg7 46. Ke1 Bb2 47. Kd1 Bxa3 48. Bd2 Bb2 49. Bg5 Bc3 50. Be7 Kc4 51. Kc2 Bxb4 52. Bxb4 Kxb4 53. Kb2 Kc4 54. Kc2 b4 55. Kb2 b3 56. Kb1 Kc3 57. Kc1 b2+ 58. Kb1 Kb3 1/2-1/2

[Event "Collado Villalba 64 op 5th"]
[Site "Collado Villalba"]
[Date "2017.07.28"]
[Round "6"]
[White "Osorio Ramos, Francisco"]
[Black "Svyatoslav, Vorobyev"]
[Result "1/2-1/2"]
[WhiteElo "1845"]
[BlackElo "1771"]
[PlyCount "100"]
[EventDate "2017.07.23"]
[EventType "swiss"]
[EventRounds "9"]
[EventCountry "ESP"]
[SourceTitle "CBM 179 Extra"]
[Source "ChessBase"]
[SourceDate "2017.08.23"]
[SourceVersion "1"]
[SourceVersionDate "2017.08.23"]
[SourceQuality "1"]

1. d4 Nf6 2. Nf3 e6 3. Bf4 b6 4. Nbd2 Bb7 5. c3 Be7 6. Qc2 d5 7. Bg5 Nbd7 8. e3 0-0 9. Bd3 c5 10. Bb5 a6 11. Bxd7 Nxd7 12. Bxe7 Qxe7 13. 0-0 Rfc8 14. a4 e5 15. dxe5 Nxe5 16. Nxe5 Qxe5 17. Nf3 Qf6 18. Qd3 Re8 19. Rfe1 Re4 20. h3 Rae8 21. Nd2 R4e6 22. b4 d4 23. cxd4 cxd4 24. e4 Rc8 25. Rac1 Rec6 26. Rxc6 Rxc6 27. e5 Qg6 28. Qxg6 hxg6 29. Rd1 Rc3 30. Nf3 Bxf3 31. gxf3 d3 32. a5 bxa5 33. bxa5 Kf8 34. Kf1 Ke7 35. Ke1 Ke6 36. f4 Kf5 37. Kd2 Ra3 38. Re1 Rxa5 39. Kxd3 Ra4 40. e6 fxe6 41. Re5+ Kxf4 42. Rxe6 Kf5 43. Re7 Kf6 44. Ra7 g5 45. Ke2 Ra2+ 46. Kf3 a5 47. Kg4 Ra4+ 48. Kg3 g6 49. Ra8 Ra2 50. Rf8+ Ke7 1/2-1/2

[Event "Collado Villalba 64 op 5th"]
[Site "Collado Villalba"]
[Date "2017.07.27"]
[Round "5"]
[White "Alonso Cristobo, Luis"]
[Black "Osorio Ramos, Francisco"]
[Result "0-1"]
[WhiteElo "1912"]
[BlackElo "1845"]
[PlyCount "88"]
[EventDate "2017.07.23"]
[EventType "swiss"]
[EventRounds "9"]
[EventCountry "ESP"]
[SourceTitle "CBM 179 Extra"]
[Source "ChessBase"]
[SourceDate "2017.08.23"]
[SourceVersion "1"]
[SourceVersionDate "2017.08.23"]
[SourceQuality "1"]

1. e4 c5 2. Nf3 e6 3. Nc3 a6 4. a4 Nc6 5. g3 Qc7 6. Bg2 Nf6 7. d3 Be7 8. Bf4 d6 9. 0-0 0-0 10. Qd2 Nh5 11. Qe3 Nf6 12. h3 h6 13. Bxh6 gxh6 14. Qxh6 Nh7 15. e5 d5 16. Rfe1 Nd4 17. Nxd4 cxd4 18. Ne4 Qxe5 19. Nd2 Qg5 20. Qxg5+ Bxg5 21. f4 Bf6 22. Nb3 Bd7 23. Nc5 Bc6 24. a5 Rfe8 25. g4 Nf8 26. g5 Bg7 27. Kf2 Ng6 28. Kg3 Ne7 29. Re2 Nf5+ 30. Kg4 Bf8 31. Nb3 Bd6 32. Rae1 Bb4 33. Ra1 Rac8 34. h4 Bb5 35. Rc1 Ba4 36. Na1 Bxa5 37. h5 Ne3+ 38. Kf3 Nxg2 39. Kxg2 Bd7 40. Kf3 e5 41. f5 e4+ 42. Kg4 e3 43. c4 dxc4 44. Rxc4 Bd8 0-1

[Event "Collado Villalba 64 op 5th"]
[Site "Collado Villalba"]
[Date "2017.07.26"]
[Round "4"]
[White "Osorio Ramos, Francisco"]
[Black "Rodriguez Sanchez, Juan Carlos"]
[Result "1-0"]
[WhiteElo "1845"]
[BlackElo "1604"]
[PlyCount "63"]
[EventDate "2017.07.23"]
[EventType "swiss"]
[EventRounds "9"]
[EventCountry "ESP"]
[SourceTitle "CBM 179 Extra"]
[Source "ChessBase"]
[SourceDate "2017.08.23"]
[SourceVersion "1"]
[SourceVersionDate "2017.08.23"]
[SourceQuality "1"]

1. d4 Nf6 2. c4 e6 3. Nf3 d5 4. Nc3 Be7 5. Bf4 c6 6. e3 0-0 7. Rc1 Nbd7 8. Bd3 a6 9. c5 g6 10. 0-0 Re8 11. b4 Nh5 12. a4 Nxf4 13. exf4 Bf8 14. b5 Bg7 15. Ne5 Bxe5 16. fxe5 axb5 17. axb5 Qa5 18. Ra1 Qxa1 19. Qxa1 Rxa1 20. Rxa1 f6 21. f4 fxe5 22. fxe5 Kf8 23. bxc6 bxc6 24. Ra7 Ke7 25. Na2 Rf8 26. Nb4 Rf4 27. Nxc6+ Ke8 28. Ra8 Nxc5 29. dxc5 Kd7 30. Bb5 Kc7 31. Ra7+ Bb7 32. Na5 1-0

[Event "Collado Villalba 64 op 5th"]
[Site "Collado Villalba"]
[Date "2017.07.23"]
[Round "1"]
[White "Olmedo Aznar, Eduardo"]
[Black "Osorio Ramos, Francisco"]
[Result "1/2-1/2"]
[WhiteElo "1504"]
[BlackElo "1845"]
[PlyCount "50"]
[EventDate "2017.07.23"]
[EventType "swiss"]
[EventRounds "9"]
[EventCountry "ESP"]
[SourceTitle "CBM 179 Extra"]
[Source "ChessBase"]
[SourceDate "2017.08.23"]
[SourceVersion "1"]
[SourceVersionDate "2017.08.23"]
[SourceQuality "1"]

1. a3 c5 2. Nf3 e6 3. e4 Qc7 4. Nc3 a6 5. g3 b5 6. Bg2 Bb7 7. d3 d6 8. Bd2 Be7 9. 0-0 Nd7 10. Na2 Bf6 11. Bc3 Bxc3 12. Nxc3 e5 13. Nh4 Nh6 14. Qd2 Qd8 15. f4 exf4 16. Qxf4 Ne5 17. Nf5 Nxf5 18. exf5 Bxg2 19. Kxg2 Ra7 20. Rae1 f6 21. d4 cxd4 22. Qxd4 Rd7 23. Qd5 Rf8 24. Ne2 Qb6 25. Nd4 Qb7 1/2-1/2

[Event "Madrid-ch Previa-A"]
[Site "Madrid"]
[Date "2017.02.20"]
[Round "7"]
[White "Osorio Ramos, Francisco"]
[Black "Lopez Orellana, Federico"]
[Result "1-0"]
[WhiteElo "1838"]
[BlackElo "1754"]
[PlyCount "73"]
[EventDate "2017.02.06"]
[EventType "swiss"]
[EventRounds "9"]
[EventCountry "ESP"]
[SourceTitle "CBM 177 Extra"]
[Source "ChessBase"]
[SourceDate "2017.04.27"]
[SourceVersion "1"]
[SourceVersionDate "2017.04.27"]
[SourceQuality "1"]

1. d4 d5 2. c4 c6 3. Nf3 e6 4. Bf4 f5 5. e3 Nf6 6. Nc3 Bd6 7. Bd3 0-0 8. 0-0 Qe7 9. Bxd6 Qxd6 10. c5 Qe7 11. Ne5 Nbd7 12. Nxd7 Bxd7 13. Qc2 Ne4 14. f3 Nxc3 15. Qxc3 Rad8 16. f4 Rf6 17. Rf3 Rh6 18. b4 Kh8 19. a4 Rg8 20. Rg3 g5 21. Rxg5 Rxg5 22. fxg5 Qxg5 23. Bf1 Qh4 24. h3 Rg6 25. Kh1 f4 26. Qe1 Rg3 27. Kh2 Rg4 28. Qxh4 Rxh4 29. g3 fxg3+ 30. Kxg3 Rh6 31. b5 Kg7 32. bxc6 Bxc6 33. Bb5 e5 34. dxe5 Re6 35. Kf4 Kf7 36. e4 dxe4 37. Bc4 1-0

[Event "Madrid-ch Seniors"]
[Site "Madrid"]
[Date "2016.01.11"]
[Round "1"]
[White "Osorio Ramos, Francisco"]
[Black "Sanchez Lucena, Juan"]
[Result "1-0"]
[WhiteElo "1834"]
[BlackElo "1440"]
[PlyCount "79"]
[EventDate "2016.01.11"]
[EventType "swiss"]
[EventRounds "9"]
[EventCountry "ESP"]
[SourceTitle "EXT 2017"]
[Source "ChessBase"]
[SourceDate "2016.10.25"]
[SourceVersion "1"]
[SourceVersionDate "2016.10.25"]
[SourceQuality "1"]

1. d4 d5 2. c4 e6 3. Nc3 Nf6 4. Nf3 c5 5. e3 cxd4 6. exd4 dxc4 7. Bxc4 Be7 8. 0-0 0-0 9. a3 Qc7 10. Qe2 Bd6 11. Nb5 Qb6 12. Nxd6 Qxd6 13. Bg5 Nd5 14. Rfe1 a6 15. Rac1 b5 16. Ba2 Bb7 17. Bb1 Nd7 18. Bh4 Nf4 19. Qc2 Ng6 20. Bg3 Qe7 21. h4 Bxf3 22. gxf3 Nf6 23. Qd3 Rad8 24. Rc7 Rd7 25. Rec1 Nh5 26. Rxd7 Qxd7 27. Rc7 Qd8 28. Rc5 Nxg3 29. fxg3 f5 30. Ba2 Rf6 31. Qc3 Qd6 32. f4 Nf8 33. Rc6 Qd7 34. Rxa6 Rg6 35. Kh2 Kh8 36. Ra8 Rf6 37. Qc5 Kg8 38. d5 Qb7 39. Ra7 Qb8 40. d6 1-0

[Event "Madrid-ch sf-A"]
[Site "Madrid"]
[Date "2015.03.09"]
[Round "1"]
[White "Osorio Ramos, Francisco"]
[Black "Spitzer Isbert, Ramon"]
[Result "0-1"]
[WhiteElo "1788"]
[BlackElo "2011"]
[PlyCount "130"]
[EventDate "2015.03.09"]
[EventType "swiss"]
[EventRounds "9"]
[EventCountry "ESP"]
[SourceTitle "CBM 165 Extra"]
[Source "ChessBase"]
[SourceDate "2015.04.21"]
[SourceVersion "1"]
[SourceVersionDate "2015.04.21"]
[SourceQuality "1"]

1. d4 Nf6 2. Nf3 g6 3. c4 Bg7 4. Nc3 0-0 5. e4 d6 6. Be2 e5 7. d5 Na6 8. Bg5 h6 9. Be3 Nc5 10. Nd2 a5 11. 0-0 Bd7 12. b3 Ne8 13. f3 f5 14. exf5 gxf5 15. Rc1 Nf6 16. Qc2 Qe8 17. Kh1 Nh5 18. Rce1 Qe7 19. f4 Nxf4 20. Bxf4 exf4 21. Bd3 Qf6 22. Nb5 Bxb5 23. cxb5 Nxd3 24. Qxd3 Rae8 25. Nf3 Qf7 26. Rxe8 Rxe8 27. Nh4 Re4 28. Qc2 Bd4 29. Nf3 Bb6 30. Qd3 Qe7 31. Qb1 Qg7 32. Qc2 Qe7 33. Qb1 Qf7 34. Qd3 Qf6 35. Qc2 Qg7 36. Qd2 a4 37. bxa4 Rxa4 38. Qc2 Rb4 39. Qe2 Re4 40. Qd2 Kf7 41. Qc2 Ke8 42. Qc1 Qf7 43. Qd2 Qf6 44. Qc1 Kd7 45. Qa3 Qf7 46. Qd3 Kc8 47. Rd1 Qf6 48. Qc2 Re3 49. Qa4 Re4 50. Qa8+ Kd7 51. Qxb7 Rc4 52. Qa8 Qb2 53. Qf8 Qc2 54. Re1 Be3 55. b6 cxb6 56. Qf7+ Kc8 57. Qe6+ Kb7 58. Qxd6 Rc7 59. h3 Rg7 60. Nh4 Rc7 61. Qa3 Bf2 62. d6 Bxe1 63. dxc7 Bxh4 64. Qf3+ Qe4 65. Qc3 Qb1+ 0-1

[Event "Madrid-ch"]
[Site "Madrid"]
[Date "2015.02.10"]
[Round "5"]
[White "Morona Minguez, Miguel"]
[Black "Osorio Ramos, Francisco"]
[Result "1/2-1/2"]
[WhiteElo "1913"]
[BlackElo "1761"]
[PlyCount "67"]
[EventDate "2015.02.02"]
[EventType "swiss"]
[EventRounds "9"]
[EventCountry "ESP"]
[SourceTitle "CBM 164 Extra"]
[Source "ChessBase"]
[SourceDate "2015.03.02"]
[SourceVersion "1"]
[SourceVersionDate "2015.03.02"]
[SourceQuality "1"]

1. e4 d6 2. d4 Nf6 3. Nc3 Nbd7 4. Nf3 e5 5. dxe5 dxe5 6. Bc4 Be7 7. 0-0 0-0 8. Re1 c6 9. a4 Qc7 10. Be3 h6 11. Nd2 Re8 12. Nb3 b6 13. f3 Nf8 14. Ne2 Be6 15. Bxe6 Nxe6 16. Ng3 Rad8 17. Qe2 Nf4 18. Qc4 Bf8 19. Rad1 g6 20. Nc1 Kh7 21. Nd3 Nxd3 22. cxd3 c5 23. Ne2 Rc8 24. Rc1 Qd7 25. Nc3 Red8 26. Red1 Kg7 27. g4 g5 28. Rc2 Be7 29. Ne2 Qe6 30. Qxe6 fxe6 31. Kf2 Kg6 32. Nc3 Rd7 33. Nb5 Rcd8 34. Ke2 1/2-1/2

[Event "Madrid-ch Seniors 20th"]
[Site "Madrid"]
[Date "2015.01.08"]
[Round "2"]
[White "Perez Agusti, Luis"]
[Black "Osorio Ramos, Francisco"]
[Result "1/2-1/2"]
[WhiteElo "1949"]
[BlackElo "1742"]
[PlyCount "64"]
[EventDate "2015.01.07"]
[EventType "swiss"]
[EventRounds "9"]
[EventCountry "ESP"]
[SourceTitle "CBM 164 Extra"]
[Source "ChessBase"]
[SourceDate "2015.03.02"]
[SourceVersion "1"]
[SourceVersionDate "2015.03.02"]
[SourceQuality "1"]

1. d4 g6 2. Nf3 Bg7 3. Bf4 d6 4. h3 a6 5. e3 e6 6. Be2 b6 7. 0-0 Bb7 8. c4 Nd7 9. Nc3 Ne7 10. Rc1 0-0 11. Bh2 h6 12. a4 Nc6 13. Nd2 e5 14. Nb3 exd4 15. exd4 Nb4 16. Bf3 Bxf3 17. Qxf3 Qf6 18. Qb7 Rfc8 19. Nd5 Nxd5 20. cxd5 Qd8 21. Rc2 Nf6 22. Rfc1 Rab8 23. Qc6 Ne8 24. Re1 Nf6 25. Rec1 Ne8 26. Bg3 h5 27. Re1 h4 28. Bf4 g5 29. Rxe8+ Qxe8 30. Qxe8+ Rxe8 31. Bxg5 Rbc8 32. Bf4 Re4 1/2-1/2

[Event "Madrid San Viator op 22nd"]
[Site "Madrid"]
[Date "2014.04.13"]
[Round "4"]
[White "Renteria Becerra, Jorge Elicer"]
[Black "Osorio Ramos, Francisco"]
[Result "1/2-1/2"]
[WhiteElo "2299"]
[BlackElo "1786"]
[PlyCount "100"]
[EventDate "2014.03.23"]
[EventType "swiss"]
[EventRounds "9"]
[EventCountry "ESP"]
[SourceTitle "EXT 2015"]
[Source "ChessBase"]
[SourceDate "2014.11.20"]
[SourceVersion "1"]
[SourceVersionDate "2014.11.20"]
[SourceQuality "1"]

1. e4 c5 2. Nf3 d6 3. d4 cxd4 4. Qxd4 Nc6 5. Bb5 Bd7 6. Bxc6 Bxc6 7. Nc3 h6 8. Qd3 e6 9. Bf4 Nf6 10. 0-0-0 e5 11. Bg3 a6 12. Rhe1 Be7 13. Nd2 b5 14. Kb1 0-0 15. Bh4 g5 16. Bg3 b4 17. Nd5 Nxd5 18. exd5 Bb5 19. Qb3 a5 20. f3 Qc7 21. Rc1 Rab8 22. Bf2 Rfc8 23. h4 Bc4 24. Nxc4 Qxc4 25. Qxc4 Rxc4 26. b3 Rc7 27. hxg5 Bxg5 28. Rcd1 Rbc8 29. Re2 Rb7 30. Kb2 f5 31. Rd3 Bf6 32. Kb1 Rb5 33. Be3 Bg5 34. f4 e4 35. Rd1 Bf6 36. a4 bxa3 37. Ka2 Bb2 38. c4 Rb7 39. Rc2 Rcb8 40. c5 dxc5 41. d6 Rxb3 42. d7 Bf6 43. Bxc5 Rb2+ 44. Rxb2 axb2 45. Kb1 Bd8 46. Rd6 Rb7 47. Ba3 Kf7 48. Rd5 Ke6 49. Rd6+ Kf7 50. Rd5 Ke6 1/2-1/2